平成の単独市制・町制 - Statistics

General Stats
  • This quiz has been taken 47 times
  • The average score is 26 of 50
Answer Stats
施工年月日 施工内容 都道府県 回答 % Correct
2014.01/01 市制 岩手県 滝沢市
85%
2018.10/01 市制 福岡県 那珂川市
85%
2016.10/10 市制 宮城県 富谷市
82%
2012.10/01 市制 埼玉県 白岡市
79%
2011.11/11 市制 石川県 野々市市
76%
2002.04/01 市制 沖縄県 豊見城市
73%
2012.01/04 市制 愛知県 長久手市
73%
2013.01/01 市制 千葉県 大網白里市
73%
2001.04/01 市制 千葉県 白井市
70%
2001.10/01 市制 滋賀県 栗東市
70%
2010.01/04 市制 愛知県 みよし市
70%
1991.10/01 市制 埼玉県 日高市
67%
2002.02/02 市制 茨城県 守谷市
67%
2006.04/01 市制 和歌山県 岩出市
67%
1996.09/01 市制 北海道 北広島市
64%
1996.09/01 市制 北海道 石狩市
64%
2002.04/01 市制 千葉県 富里市
61%
1991.04/01 市制 千葉県 袖ケ浦市
58%
1991.11/01 市制 東京都 羽村市
58%
1994.10/01 市制 愛知県 日進市
58%
1996.04/01 市制 埼玉県 吉川市
58%
1997.04/01 市制 京都府 京田辺市
58%
1992.04/01 市制 千葉県 八街市
55%
1996.04/01 市制 千葉県 印西市
55%
1997.10/01 市制 福岡県 古賀市
55%
1989.05/01 町制 三重県 木曽岬町
52%
1991.09/01 市制 埼玉県 鶴ヶ島市
52%
1991.10/01 市制 奈良県 香芝市
52%
1992.10/01 市制 福岡県 前原市
52%
1991.04/01 町制 群馬県 吉岡町
48%
1998.10/01 町制 群馬県 明和町
48%
1991.10/01 市制 大阪府 阪南市
42%
1992.01/01 町制 千葉県 千代田町
42%
1989.11/01 町制 佐賀県 上峰町
39%
1996.06/01 町制 茨城県 五霞町
39%
1990.04/01 町制 愛知県 春日町
36%
1996.06/01 町制 茨城県 河内町
36%
1997.04/01 町制 茨城県 霞ヶ浦町
36%
1996.09/01 町制 茨城県 東町
33%
1994.07/01 町制 栃木県 上河内町
30%
1996.11/01 町制 新潟県 横越町
30%
1990.04/01 町制 群馬県 笠懸町
27%
1996.06/01 町制 茨城県 新利根町
27%
2001.05/01 町制 埼玉県 川里町
27%
2002.04/01 町制 埼玉県 大里町
27%
1993.11/01 町制 茨城県 金砂郷町
24%
1994.10/01 町制 栃木県 西方町
24%
1997.10/01 町制 茨城県 北浦町
24%
2000.07/01 町制 熊本県 豊野町
24%
1994.01/01 町制 沖縄県 与那城町
15%
No matching quizzes found
Score Distribution
Percent of People with Each Score
Percentile by Number Answered
Your Score History
You have not taken this quiz